Black peppers crop of small householders at memot district kompongcham province ដំណាំម្រេចជាលក្ខណៈគ្រួសារ នៅស្រុកមេមត់ ខេត្តកំពង់ចាម (Record no. 556)

000 -LEADER
fixed length control field 00593nam a22001577a 4500
003 - CONTROL NUMBER IDENTIFIER
control field OSt
005 - DATE AND TIME OF LATEST TRANSACTION
control field 20150916105428.0
008 - FIXED-LENGTH DATA ELEMENTS--GENERAL INFORMATION
fixed length control field 150916b xxu||||| |||| 00| 0 eng d
040 ## - CATALOGING SOURCE
Transcribing agency RUA
082 ## - DEWEY DECIMAL CLASSIFICATION NUMBER
Classification number AGR CHE 2003 B028 Or.1
100 ## - MAIN ENTRY--PERSONAL NAME
9 (RLIN) 579
Personal name CHEA, SUONPISETH.
245 ## - TITLE STATEMENT
Title Black peppers crop of small householders at memot district kompongcham province ដំណាំម្រេចជាលក្ខណៈគ្រួសារ នៅស្រុកមេមត់ ខេត្តកំពង់ចាម
260 ## - PUBLICATION, DISTRIBUTION, ETC. (IMPRINT)
Place of publication, distribution, etc. Phnom Penh
Name of publisher, distributor, etc. RUA
Date of publication, distribution, etc. 2003
300 ## - PHYSICAL DESCRIPTION
Extent 52p.
Other physical details ill.
Dimensions 29cm.
942 ## - ADDED ENTRY ELEMENTS (KOHA)
Source of classification or shelving scheme
Koha item type AGR
Holdings
Price effective from Date last seen Permanent Location Not for loan Date acquired Source of classification or shelving scheme Koha item type Lost status Withdrawn status Total Renewals Date last checked out Total Checkouts Shelving location Damaged status Barcode Current Location Full call number
2015-09-162025-07-25Library Block B 2015-09-16 AGR  22025-05-1910B028 RUA001438Library Block BAGR CHE 2003 B028 Or.1
2015-09-162023-03-22Library Block B 2015-09-16 AGR   2023-03-135B028 RUA001366Library Block BAGR CHE 2003 B028 Or.2
2015-09-162015-09-16Library Block B 2015-09-16 AGR     B028 RUA001294Library Block BAGR CHE 2003 B028 Or.3
2015-10-282016-02-10Library Block B 2015-10-28 AGR   2016-02-031  RUA012458Library Block BAGR CHE 2003 B028 Or.4
មជ្ឈមណ្ឌលឯការនៃសាកលវិទ្យាល័យភូមិន្ទកសិកម្មចំការដូង

Powered by Koha